Estadísticas para País Europeo Aleatorio a Capital

Haz click aquí para intentar la prueba.

Estadísticas generales

  • Esta prueba ha sido intentada 32 veces
  • La puntuación promedio es 9 de 10

Estadísticas de respuestas

PaísCiudad% Correcto
GreciaAtenas
100%
AlemaniaBerlín
100%
BélgicaBruselas
100%
IrlandaDublin
100%
MaltaLa Valeta
100%
PortugalLisboa
100%
Reino UnidoLondres
100%
LuxemburgoLuxemburgo
100%
EspañaMadrid
100%
BielorrusiaMinsk
100%
NoruegaOslo
100%
FranciaParís
100%
IslandiaReikiavik
100%
ItaliaRoma
100%
Bosnia y HerzegovinaSarajevo
100%
BulgariaSofía
100%
PoloniaVarsovia
100%
AustriaViena
100%
CroaciaZagreb
100%
Países BajosÁmsterdam
92%
SueciaEstocolmo
89%
LetoniaRiga
89%
EstoniaTallin
89%
UcraniaKiev
88%
HungríaBudapest
86%
RusiaMoscú
86%
República ChecaPraga
86%
Ciudad del VaticanoCiudad del Vaticano
83%
FinlandiaHelsinki
83%
AlbaniaTirana
83%
DinamarcaCopenhague
82%
LituaniaVilna
82%
AndorraAndorra la Vieja
80%
SuizaBerna
80%
RumaniaBucarest
80%
MoldaviaChișinău
80%
MónacoMónaco
78%
Macedonia del NorteSkopie
78%
EsloveniaLiubliana
57%
MontenegroPodgorica
57%
EslovaquiaBratislava
50%
San MarinoSan Marino
50%
SerbiaBelgrado
33%
KosovoPristina
33%
LiechtensteinVaduz
0%

Distribución de puntuación

Porcentaje por número respondido

Porcentaje de gente con cada puntuación

Historial de tus puntuaciones

No has intentado esta prueba.